000 01227nam a22002417a 4500
005 20081021161511.0
008 081021t xxu||||| |||| 00| 0mar d
010 _aMAR-19931
020 _c200.00
_a9788177669435
035 _aMR-12589
037 _bDBAD / PUB
040 _aDPL
_bMR
082 _a158.1
245 _aद माइंड जिमः
_cश्याम भुर्के द्वारा अनुदित
_bव्यायामशाला पण मनाची /
246 _aThe Mind Jim
_bTranslated by Shayam Bhurke
260 _aपुणे
_bमेहता पब्लिशिंग हाऊस
_c2008
270 _a1941,सदाशिव पेठ माडीवाले कॉलनी
_bपुणे
_e30
_k020-24476924
300 _a254 पृ
_c22सेमी (अजिल्द)
650 _aPersonality Development
650 _aव्यक्तित्व विकास
942 _2ddc
_cMR
_h158.1
_mभुर्केश्या
999 _c18294
_d18294